Los 10 estados menos poblados de EE UU - Estadísticas

Estadísticas generales
  • Esta prueba ha sido intentada 60 veces
  • La puntuación promedio es 6 de 10
Estadísticas de respuestas
población estado % Correcto
733 583 Alaska
76%
1 122 867 Montana
71%
581 381 Wyoming
67%
779 261 Dakota del Norte
61%
1 385 340 Maine
61%
1 093 734 Rhode Island
57%
647 064 Vermont
57%
909 824 Dakota del Sur
55%
1 018 396 Delaware
49%
1 395 231 Nuevo Hampshire
45%
No se encontraron pruebas coincidentes
Distribución de puntuación
Porcentaje de gente con cada puntuación
Porcentaje por número respondido
Historial de tus puntuaciones
No has intentado esta prueba.